Ecuaciones diferenciales y problemas con valores en la frontera
Kaydedildi:
| Asıl Yazarlar: | , , |
|---|---|
| Materyal Türü: | Kitap |
| Dil: | İspanyolca |
| Baskı/Yayın Bilgisi: |
Ciudad de México
Pearson Educación
2001
|
| Edisyon: | 3a. ed |
| Konular: | |
| Etiketler: |
Etiketle
Etiket eklenmemiş, İlk siz ekleyin!
|
MARC
| LEADER | 00000nam a2200000 a 4500 | ||
|---|---|---|---|
| 001 | UCM1433 | ||
| 003 | CL-VaPUC | ||
| 005 | 20230712141436.0 | ||
| 008 | 020404e20010000MX |||||||||||||||||spa|d | ||
| 999 | |c 299893 |d 299891 | ||
| 020 | |a 9684444834 | ||
| 040 | |c Pontificia Universidad Católica de Valparaíso | ||
| 082 | 0 | 4 | |a 515.35 |b NAG |2 21 |
| 100 | |a Nagle, R. Kent |e autor |9 305746 | ||
| 245 | 1 | 0 | |a Ecuaciones diferenciales y problemas con valores en la frontera |
| 250 | |a 3a. ed | ||
| 260 | |a Ciudad de México |b Pearson Educación |c 2001 | ||
| 300 | |a 760 p | ||
| 500 | |a Incluye cd | ||
| 583 | |a last modification |c 20150714 11:10:00 |k Rodrigo Vera | ||
| 650 | 0 | |a Ecuaciones diferenciales |9 260083 |v Problemas, ejercicios, etc | |
| 700 | 0 | |a Saff, Edward B |e author |9 468385 | |
| 700 | 0 | |a Snider, Arthur David |e author |9 468386 | |
| 942 | |c BK |2 ddc | ||
| 945 | |d 20020404 00:00:00 |a vberengu | ||
| 952 | |0 0 |1 0 |4 0 |6 515_350000000000000_NAG_2001 |7 0 |8 A |9 356904 |a BIBCUR |b BIBCUR |d 2019-11-21 |i 3803384 |l 16 |m 4 |o 515.35 NAG 2001 |p 3803384 |r 2025-04-22 |s 2024-10-25 |w 2019-11-21 |y BK |k FIS | ||
| 952 | |0 0 |1 0 |4 0 |6 515_350000000000000_NAG_2001 |7 0 |8 A |9 356907 |a BIBMAT |b BIBMAT |d 2019-11-21 |i 392274K |o 515.35 NAG 2001 |p 392274K |r 2025-01-07 |w 2019-11-21 |y BK |k MAT | ||
| 952 | |0 0 |1 0 |4 0 |6 515_350000000000000_NAG_2001 |7 0 |8 A |9 356910 |a BIBMAT |b BIBMAT |d 2019-11-21 |i 4229495 |l 2 |m 1 |o 515.35 NAG 2001 |p 4229495 |r 2025-01-07 |s 2023-08-07 |w 2019-11-21 |y BK |k MAT | ||